00622nam a2200205Ia 4500003000900000008004100009040001600050080001700066100003100083245006700114260003000181300001600211650001300227650001500240650002400255650002500279942000700304999001300311952009200324IN-BaIIA211028s9999 xx 000 0 eng d cIIA Library a521.1bAIR-1 aAiry, George Biddell91336 0aMathematical tracts on physical astronomycGeorge Biddell Airy aCambridgebJ. Smithc1826 aviii, 180p. aArchives aAstrometry aCelestial mechanics aEarth nutation91492 cBK c698d698 00104070aBANbKODcGENd0000-00-00l0o521.1/ AIR-1p721r2021-11-05w0000-00-00yBK